[Event "Scarborough Major 47th"]
[Site "Scarborough"]
[Date "2024.10.26"]
[Round "3.6"]
[White "Littlejohns, David P"]
[Black "Wilson, Kevin J"]
[Result "1/2-1/2"]
[WhiteElo "1949"]
[BlackElo "1894"]
[PlyCount "59"]
[EventDate "2024.10.25"]
[EventType "swiss"]
[EventRounds "5"]
[EventCountry "ENG"]
[SourceTitle "BritBase"]
[Source "John Saunders"]
[SourceDate "2024.12.27"]
[SourceVersion "1"]
[SourceVersionDate "2024.12.27"]
[SourceQuality "1"]

1. e4 c6 2. d4 d5 3. Nc3 dxe4 4. Nxe4 Bf5 5. Ng3 Bg6 6. Nf3 Nd7 7. Bd3 Bxd3 8. Qxd3 Ngf6 9. O-O e6 10. Bg5 h6 11. Bxf6 Nxf6 12. c3 Bd6 13. b4 O-O 14. Ne4 Nxe4 15. Qxe4 Qc7 16. h3 a5 17. a3 Rfe8 18. Rfe1 axb4 19. axb4 Be7 20. Ne5 Bf6 21. f4 Bxe5 22. Qxe5 Qd7 23. Rxa8 Rxa8 24. Re3 Rd8 25. Rg3 g6 26. Qf6 Ra8 27. Kh2 Qd8 28. Qe5 Qb8 29. Qe4 Qd6 30. Qe5 1/2-1/2

[Event "Scarborough Major 47th"]
[Site "Scarborough"]
[Date "2024.10.26"]
[Round "3.7"]
[White "Jaszkiwskyj, Peter"]
[Black "Vaidyanathan, Sathya"]
[Result "0-1"]
[WhiteElo "1855"]
[BlackElo "1794"]
[PlyCount "64"]
[EventDate "2024.10.25"]
[EventType "swiss"]
[EventRounds "5"]
[EventCountry "ENG"]
[SourceTitle "BritBase"]
[Source "John Saunders"]
[SourceDate "2024.12.27"]
[SourceVersion "1"]
[SourceVersionDate "2024.12.27"]
[SourceQuality "1"]

1. d4 d5 2. c4 e6 3. Nc3 Nf6 4. Bg5 c6 5. e3 Be7 6. Nf3 Nbd7 7. Qd2 h6 8. Bh4 O-O 9. cxd5 exd5 10. Bd3 Re8 11. O-O Ne4 12. Bxe7 Qxe7 13. a3 Ndf6 14. b4 a6 15. Rfb1 Ng4 16. Nd1 Ng5 17. Qe2 Nxf3+ 18. Qxf3 Nf6 19. h3 Ne4 20. Qe2 Qg5 21. Kh2 Bd7 22. Rc1 f5 23. Nc3 f4 24. Bxe4 dxe4 25. Rg1 Qh4 26. Qc4+ Be6 27. Qf1 fxe3 28. g3 Qh5 29. Nxe4 exf2 30. Nxf2 Rf8 31. g4 Qh4 32. Rg2 Bd5 0-1

[Event "Scarborough Major 47th"]
[Site "Scarborough"]
[Date "2024.10.26"]
[Round "3.11"]
[White "Bak, Andrew"]
[Black "Graham, Oliver"]
[Result "1-0"]
[WhiteElo "1948"]
[BlackElo "1818"]
[PlyCount "75"]
[EventDate "2024.10.25"]
[EventType "swiss"]
[EventRounds "5"]
[EventCountry "ENG"]
[SourceTitle "BritBase"]
[Source "John Saunders"]
[SourceDate "2024.12.27"]
[SourceVersion "1"]
[SourceVersionDate "2024.12.27"]
[SourceQuality "1"]

1. e4 e5 2. Nf3 Nc6 3. Bc4 Be7 4. O-O Nf6 5. Re1 O-O 6. c3 d6 7. h3 Bd7 8. d4 h6 9. Nbd2 Nh7 10. Nf1 Ng5 11. N3h2 Qc8 12. Ng3 Kh8 13. Be3 a6 14. Qh5 f5 15. exf5 Bxf5 16. Nxf5 Rxf5 17. Qe2 b5 18. Bxg5 bxc4 19. Bxe7 Nxe7 20. dxe5 d5 21. e6 c6 22. Nf3 Qc7 23. Ne5 Re8 24. Nf7+ Kg8 25. g4 Rf6 26. g5 Rg6 27. Qg4 Nc8 28. h4 hxg5 29. hxg5 Qe7 30. Re3 Nd6 31. Rae1 Ne4 32. Qh5 Qxe6 33. Rf3 Qxf7 34. Rxf7 Kxf7 35. f4 Nxg5 36. Rxe8 Nh3+ 37. Kf1 Nxf4 38. Qh8 1-0

[Event "Scarborough Major 47th"]
[Site "Scarborough"]
[Date "2024.10.26"]
[Round "3.13"]
[White "Slinger, Tony J"]
[Black "Jennings, Roger W"]
[Result "1/2-1/2"]
[WhiteElo "1874"]
[BlackElo "1980"]
[PlyCount "27"]
[EventDate "2024.10.25"]
[EventType "swiss"]
[EventRounds "5"]
[EventCountry "ENG"]
[SourceTitle "BritBase"]
[Source "John Saunders"]
[SourceDate "2024.12.27"]
[SourceVersion "1"]
[SourceVersionDate "2024.12.27"]
[SourceQuality "1"]

1. e4 g6 2. Nc3 Bg7 3. g3 d6 4. Bg2 Nf6 5. Nge2 O-O 6. d3 Nc6 7. h3 e5 8. Be3 Be6 9. Qd2 d5 10. Bg5 Ne7 11. exd5 Nexd5 12. Ne4 Nxe4 13. dxe4 Nf6 14. Qxd8 1/2-1/2

[Event "Scarborough Major 47th"]
[Site "Scarborough"]
[Date "2024.10.26"]
[Round "3.14"]
[White "Kennedy, Craig"]
[Black "Collinson, Mark I"]
[Result "1-0"]
[WhiteElo "1846"]
[BlackElo "1902"]
[PlyCount "59"]
[EventDate "2024.10.25"]
[EventType "swiss"]
[EventRounds "5"]
[EventCountry "ENG"]
[SourceTitle "BritBase"]
[Source "John Saunders"]
[SourceDate "2024.12.27"]
[SourceVersion "1"]
[SourceVersionDate "2024.12.27"]
[SourceQuality "1"]

1. c4 c5 2. Nc3 Nc6 3. g3 d6 4. Bg2 Nf6 5. e4 g6 6. Nge2 Bg7 7. O-O Bg4 8. f3 Be6 9. d3 Qc8 10. Bg5 h6 11. Be3 Bh3 12. Bxh3 Qxh3 13. Nf4 Qc8 14. Nfd5 Nd7 15. Qd2 e6 16. Nf4 Nde5 17. Nfe2 a6 18. h3 Nd4 19. Kg2 Nxe2 20. Nxe2 Qc6 21. Rac1 O-O 22. Kh2 Kh7 23. f4 Nd7 24. f5 d5 25. f6 Nxf6 26. cxd5 exd5 27. Bxc5 Rfe8 28. e5 Qe6 29. Bd6 Nd7 30. Nd4 1-0

[Event "Scarborough Major 47th"]
[Site "Scarborough"]
[Date "2024.10.26"]
[Round "3.15"]
[White "Jelfs, Alan"]
[Black "Broughton, Daniel"]
[Result "1-0"]
[WhiteElo "1823"]
[BlackElo "1966"]
[PlyCount "55"]
[EventDate "2024.10.25"]
[EventType "swiss"]
[EventRounds "5"]
[EventCountry "ENG"]
[SourceTitle "BritBase"]
[Source "John Saunders"]
[SourceDate "2024.12.27"]
[SourceVersion "1"]
[SourceVersionDate "2024.12.27"]
[SourceQuality "1"]

1. d4 Nf6 2. c4 d6 3. Nc3 e5 4. d5 c5 5. e4 Be7 6. Bd3 Nbd7 7. Nge2 O-O 8. Ng3 Ne8 9. Be3 Bg5 10. Qd2 Bxe3 11. Qxe3 g6 12. h4 h5 13. O-O-O Ndf6 14. Be2 Ng4 15. Bxg4 Bxg4 16. f3 Bd7 17. f4 Qe7 18. f5 Nf6 19. Qg5 Kh7 20. Rdf1 Ng8 21. f6 Qd8 22. Nxh5 Nh6 23. Ng3 Rg8 24. h5 gxh5 25. Qxh5 Rg6 26. Nf5 Bxf5 27. exf5 Rxf6 28. g4 1-0

[Event "Scarborough Major 47th"]
[Site "Scarborough"]
[Date "2024.10.26"]
[Round "3.17"]
[White "Wilson, Matthew R"]
[Black "Mckiernan, James"]
[Result "0-1"]
[WhiteElo "1800"]
[BlackElo "1821"]
[PlyCount "106"]
[EventDate "2024.10.25"]
[EventType "swiss"]
[EventRounds "5"]
[EventCountry "ENG"]
[SourceTitle "BritBase"]
[Source "John Saunders"]
[SourceDate "2024.12.27"]
[SourceVersion "1"]
[SourceVersionDate "2024.12.27"]
[SourceQuality "1"]

1. e4 d6 2. Nc3 Nf6 3. f4 e5 4. d3 Nc6 5. Nf3 Bg4 6. h3 Bxf3 7. Qxf3 Nd4 8. Qf2 Be7 9. Be3 Nh5 10. O-O-O Bh4 11. Qd2 Nxf4 12. Kb1 Nfe6 13. Be2 Bg5 14. Nd5 Bxe3 15. Nxe3 Nf4 16. Bf3 Nxf3 17. gxf3 c5 18. h4 h5 19. Ng2 Nxg2 20. Qxg2 Qf6 21. Qg3 g6 22. Rhf1 Qf4 23. Qxf4 exf4 24. d4 Ke7 25. c3 f6 26. dxc5 dxc5 27. Rd5 b6 28. c4 Rad8 29. Rg1 Rhg8 30. Kc2 Ke6 31. Rxd8 Rxd8 32. Rxg6 Ke5 33. Rg1 Rd7 34. b3 Ke6 35. Rg8 f5 36. exf5+ Kxf5 37. Rg5+ Kf6 38. Rxh5 Kg6 39. Rh8 Kf6 40. Rb8 Rg7 41. a4 Rg3 42. Rb7 Rxf3 43. Rxa7 Re3 44. Rb7 Re6 45. Rd7 Kf5 46. Rd1 f3 47. Rf1 Kf4 48. Kd1 Kg3 49. Rg1+ Kh2 50. Rg8 f2 51. Rf8 Re1+ 52. Kd2 f1=Q 53. Rxf1 Rxf1 0-1

[Event "Scarborough Major 47th"]
[Site "Scarborough"]
[Date "2024.10.26"]
[Round "3.18"]
[White "Trevelyan, Andy J"]
[Black "Pitel, Benedikt"]
[Result "1-0"]
[WhiteElo "1817"]
[BlackElo "1829"]
[PlyCount "99"]
[EventDate "2024.10.25"]
[EventType "swiss"]
[EventRounds "5"]
[EventCountry "ENG"]
[SourceTitle "BritBase"]
[Source "John Saunders"]
[SourceDate "2024.12.27"]
[SourceVersion "1"]
[SourceVersionDate "2024.12.27"]
[SourceQuality "1"]

1. Nf3 d5 2. c4 d4 3. d3 Nf6 4. g3 c5 5. Bg2 Nc6 6. O-O e5 7. a3 Be7 8. Bd2 O-O 9. b4 Qc7 10. b5 Nd8 11. e3 Bg4 12. Qc2 Ne6 13. h3 Bh5 14. Nh4 Rfd8 15. e4 a6 16. a4 axb5 17. cxb5 b6 18. Na3 Ra7 19. Nc4 Rda8 20. a5 Nd7 21. Nf5 Bf8 22. a6 Re8 23. f4 Kh8 24. Rf2 f6 25. Raf1 Raa8 26. Nh4 Be7 27. Qc1 Rf8 28. Bf3 Bxf3 29. Nxf3 Rae8 30. h4 Bd6 31. f5 Nd8 32. h5 Nf7 33. h6 g6 34. fxg6 hxg6 35. Nh4 Kh7 36. Qd1 Be7 37. Nxg6 Kxg6 38. Qg4+ Ng5 39. Qf5+ Kf7 40. Bxg5 Rd8 41. Bh4 Rh8 42. Qh5+ Ke6 43. Bxf6 Bxf6 44. Rxf6+ Nxf6 45. Qf5+ Ke7 46. Qxf6+ Ke8 47. Qxh8+ Kd7 48. Rf7+ Kc8 49. Rxc7+ Kxc7 50. Qxe5+ 1-0

[Event "Scarborough Major 47th"]
[Site "Scarborough"]
[Date "2024.10.26"]
[Round "3.19"]
[White "Revell, Jeremy"]
[Black "Best, Francis P"]
[Result "0-1"]
[WhiteElo "1781"]
[BlackElo "1716"]
[PlyCount "91"]
[EventDate "2024.10.25"]
[EventType "swiss"]
[EventRounds "5"]
[EventCountry "ENG"]
[SourceTitle "BritBase"]
[Source "John Saunders"]
[SourceDate "2024.12.27"]
[SourceVersion "1"]
[SourceVersionDate "2024.12.27"]
[SourceQuality "1"]

1. c4 Nf6 2. g3 c6 3. Bg2 d5 4. Nf3 Bf5 5. d4 e6 6. Nc3 h6 7. Qb3 Qc8 8. O-O Bd6 9. Nd2 O-O 10. e4 dxe4 11. Ndxe4 Nxe4 12. Bxe4 Bxe4 13. Nxe4 Be7 14. Bf4 Rd8 15. Rfd1 Na6 16. Rac1 Rd7 17. c5 Nc7 18. Bd6 Ne8 19. Bxe7 Rxe7 20. Qc3 Rd7 21. Nd2 Qc7 22. Nc4 Rad8 23. Rd2 Rd5 24. b4 Qe7 25. Rcd1 Nc7 26. a4 f6 27. Nd6 Ne8 28. Nc4 R5d7 29. b5 cxb5 30. axb5 Nc7 31. Nd6 Nd5 32. Qb2 Rc7 33. Re2 Qd7 34. Rde1 e5 35. Qb3 Qe6 36. f4 Nxf4 37. Qxe6+ Nxe6 38. b6 axb6 39. cxb6 Rcd7 40. dxe5 Nd4 41. Re3 Nc2 42. Nc4 Nxe1 43. Rxe1 Rd1 44. Rxd1 Rxd1+ 45. Kf2 fxe5 46. Nxe5 0-1

[Event "Scarborough Major 47th"]
[Site "Scarborough"]
[Date "2024.10.26"]
[Round "3.20"]
[White "Awesome, John Aanuoluwapo"]
[Black "Hardy, Roger"]
[Result "1/2-1/2"]
[WhiteElo "1697"]
[BlackElo "1918"]
[PlyCount "68"]
[EventDate "2024.10.25"]
[EventType "swiss"]
[EventRounds "5"]
[EventCountry "ENG"]
[SourceTitle "BritBase"]
[Source "John Saunders"]
[SourceDate "2024.12.27"]
[SourceVersion "1"]
[SourceVersionDate "2024.12.27"]
[SourceQuality "1"]

1. e4 c6 2. d4 d5 3. e5 Bf5 4. Bd3 Bxd3 5. Qxd3 e6 6. Nf3 c5 7. c3 Qb6 8. O-O Qa6 9. Qd1 Nc6 10. Nbd2 Nge7 11. Nb3 cxd4 12. Nc5 Qb6 13. cxd4 Ng6 14. Be3 Bxc5 15. dxc5 Qc7 16. Nd4 a6 17. Nxc6 bxc6 18. f4 O-O 19. Bd4 Ne7 20. g4 h5 21. h3 hxg4 22. hxg4 g6 23. Qd3 Kg7 24. f5 gxf5 25. gxf5 Nxf5 26. Rxf5 exf5 27. Qxf5 Rg8 28. Kf2 Kf8 29. Rh1 Qc8 30. Qf6 Qe6 31. Be3 Qxf6+ {[=]} 32. exf6 Ke8 33. Rh7 Rf8 34. Bh6 Kd7 1/2-1/2

[Event "Scarborough Major 47th"]
[Site "Scarborough"]
[Date "2024.10.26"]
[Round "3.21"]
[White "Berkley, Stephen W"]
[Black "Rothwell, James P"]
[Result "1/2-1/2"]
[WhiteElo "1755"]
[BlackElo "1831"]
[PlyCount "57"]
[EventDate "2024.10.25"]
[EventType "swiss"]
[EventRounds "5"]
[EventCountry "ENG"]
[SourceTitle "BritBase"]
[Source "John Saunders"]
[SourceDate "2024.12.27"]
[SourceVersion "1"]
[SourceVersionDate "2024.12.27"]
[SourceQuality "1"]

1. d4 Nf6 2. c4 c5 3. d5 b5 4. cxb5 a6 5. b6 d6 6. Nc3 Nbd7 7. e4 Rb8 8. a4 Rxb6 9. h3 g6 10. Nf3 Bg7 11. Be2 O-O 12. O-O Rb4 13. Nd2 Ne8 14. Qc2 Nc7 15. Ra3 e6 16. Nc4 Ne5 17. Nxe5 Bxe5 18. Na2 Rb8 19. Bc4 exd5 20. exd5 Bf5 21. Bd3 Qf6 22. Bxf5 gxf5 23. Rf3 f4 24. Nc3 Qg6 25. Qd1 Rb4 26. Re1 Rd4 27. Qb3 Rb4 28. Qd1 Rd4 29. Qb3 1/2-1/2

[Event "Scarborough Major 47th"]
[Site "Scarborough"]
[Date "2024.10.26"]
[Round "3.22"]
[White "Morris, Gary"]
[Black "Turner, Tim M"]
[Result "1/2-1/2"]
[WhiteElo "1643"]
[BlackElo "1830"]
[PlyCount "63"]
[EventDate "2024.10.25"]
[EventType "swiss"]
[EventRounds "5"]
[EventCountry "ENG"]
[SourceTitle "BritBase"]
[Source "John Saunders"]
[SourceDate "2024.12.27"]
[SourceVersion "1"]
[SourceVersionDate "2024.12.27"]
[SourceQuality "1"]

1. Nf3 Nf6 2. c4 g6 3. Nc3 Bg7 4. e4 d6 5. d4 O-O 6. Be2 e5 7. O-O Nc6 8. d5 Ne7 9. b4 a5 10. bxa5 Rxa5 11. a4 Nd7 12. Ba3 f5 13. Bb4 Ra8 14. a5 Nc5 15. Nd2 Nxe4 16. Ndxe4 fxe4 17. Nxe4 Bf5 18. f3 Bh6 19. Qb3 Bc8 20. c5 Nf5 21. cxd6 cxd6 22. Ra2 b6 23. a6 Be3+ 24. Kh1 Bc5 25. Bd2 Ra7 26. Bg5 Qc7 27. Rb1 Kg7 28. Nxc5 bxc5 29. Qb6 Qxb6 30. Rxb6 h6 31. Bd2 Kf7 32. Bd3 1/2-1/2

[Event "Scarborough Major 47th"]
[Site "Scarborough"]
[Date "2024.10.26"]
[Round "3.23"]
[White "Leigh, Dominic"]
[Black "Georgiou, Denis"]
[Result "1/2-1/2"]
[WhiteElo "1727"]
[BlackElo "1850"]
[PlyCount "69"]
[EventDate "2024.10.25"]
[EventType "swiss"]
[EventRounds "5"]
[EventCountry "ENG"]
[SourceTitle "BritBase"]
[Source "John Saunders"]
[SourceDate "2024.12.27"]
[SourceVersion "1"]
[SourceVersionDate "2024.12.27"]
[SourceQuality "1"]

1. d4 Nf6 2. c4 g6 3. Nc3 Bg7 4. e4 d6 5. h3 O-O 6. Be3 e5 7. d5 Na6 8. g4 Nc5 9. f3 a5 10. Nge2 Ne8 11. h4 f5 12. gxf5 gxf5 13. exf5 Bf6 14. Rg1+ Kh8 15. Bg5 Bxf5 16. Qd2 Rg8 17. Nc1 h6 18. Bxf6+ Qxf6 19. Rxg8+ Kxg8 20. Qf2 Qg6 21. Nb3 Nd3+ 22. Bxd3 Bxd3 23. Nd2 Nf6 24. O-O-O Kh7 25. Rg1 Qf5 26. Qe3 Re8 27. Nce4 Bxe4 28. fxe4 Qf4 29. Qh3 h5 30. Rf1 Qh6 31. Qf5+ Kg7 32. Rg1+ Kf7 33. Rf1 Kg7 34. Rg1+ Kf7 35. Rf1 1/2-1/2

[Event "Scarborough Major 47th"]
[Site "Scarborough"]
[Date "2024.10.26"]
[Round "3.25"]
[White "Newton, Robert"]
[Black "Griffin-Young, Sebastian"]
[Result "0-1"]
[WhiteElo "1886"]
[BlackElo "1658"]
[PlyCount "74"]
[EventDate "2024.10.25"]
[EventType "swiss"]
[EventRounds "5"]
[EventCountry "ENG"]
[SourceTitle "BritBase"]
[Source "John Saunders"]
[SourceDate "2024.12.27"]
[SourceVersion "1"]
[SourceVersionDate "2024.12.27"]
[SourceQuality "1"]

1. d4 Nf6 2. Nf3 g6 3. h3 Bg7 4. Bf4 O-O 5. Nc3 d6 6. Qd2 Re8 7. Bh6 Bh8 8. O-O-O a6 9. e4 b5 10. a3 Bb7 11. Ng5 Nbd7 12. f4 c5 13. e5 cxd4 14. Qxd4 Nh5 15. Qf2 Qb6 16. e6 fxe6 17. Qxb6 Nxb6 18. Nxe6 Bxc3 19. bxc3 Ng3 20. Rg1 Rac8 21. Bd3 Rxc3 22. Kb2 Na4+ 23. Kb1 Rxa3 24. Rde1 Rc8 25. Bg7 Nf5 26. Bb2 Nxb2 27. Kxb2 Ra4 28. g4 Nh4 29. Ng5 Rb4+ 30. Kc1 Rc7 31. f5 Bd5 32. fxg6 Nxg6 33. Kd2 e5 34. h4 Nxh4 35. Re3 h6 36. c3 Ra4 37. Ne4 Bxe4 0-1

[Event "Scarborough Major 47th"]
[Site "Scarborough"]
[Date "2024.10.26"]
[Round "3.26"]
[White "Horrocks, Steve J"]
[Black "Williams, David"]
[Result "1-0"]
[WhiteElo "1929"]
[BlackElo "1870"]
[PlyCount "97"]
[EventDate "2024.10.25"]
[EventType "swiss"]
[EventRounds "5"]
[EventCountry "ENG"]
[SourceTitle "BritBase"]
[Source "John Saunders"]
[SourceDate "2024.12.27"]
[SourceVersion "1"]
[SourceVersionDate "2024.12.27"]
[SourceQuality "1"]

1. d4 c6 2. Nf3 d5 3. Bg5 g6 4. e3 Bg7 5. Bd3 Bg4 6. h3 Bxf3 7. Qxf3 Nf6 8. Nd2 Nbd7 9. Bf4 O-O 10. g4 Re8 11. Qg3 c5 12. c3 Qb6 13. Rb1 Rac8 14. O-O c4 15. Bc2 Qc6 16. f3 b5 17. e4 Nf8 18. e5 N6d7 19. Be3 f6 20. f4 fxe5 21. fxe5 Ne6 22. h4 Rf8 23. h5 Rxf1+ 24. Rxf1 Rf8 25. Qh4 Rxf1+ 26. Nxf1 Nef8 27. Qxe7 gxh5 28. gxh5 Qe6 29. Qg5 h6 30. Qf5 Qe7 31. Qg4 Kh8 32. Bf5 a5 33. Bf4 b4 34. Ne3 Nb6 35. Ng2 bxc3 36. bxc3 Qa3 37. Nh4 Qxc3 38. Bg3 Qc1+ 39. Kh2 Qg5 40. Qxg5 hxg5 41. Nf3 c3 42. Nxg5 Bh6 43. Nf7+ Kg7 44. Nxh6 Kxh6 45. Be1 Kxh5 46. Bxc3 Kg5 47. Bh3 Nc4 48. Bg2 Ne3 49. Bd2 1-0

[Event "Scarborough Major 47th"]
[Site "Scarborough"]
[Date "2024.10.26"]
[Round "3.31"]
[White "Mata, Andrew B"]
[Black "Hill, Maurice J"]
[Result "1/2-1/2"]
[WhiteElo "1828"]
[BlackElo "1818"]
[PlyCount "36"]
[EventDate "2024.10.25"]
[EventType "swiss"]
[EventRounds "5"]
[EventCountry "ENG"]
[SourceTitle "BritBase"]
[Source "John Saunders"]
[SourceDate "2024.12.27"]
[SourceVersion "1"]
[SourceVersionDate "2024.12.27"]
[SourceQuality "1"]

1. e4 g6 2. d4 d6 3. Nc3 c6 4. Be3 Bg7 5. f4 d5 6. e5 h5 7. Bd3 Nh6 8. Nf3 Bf5 9. Be2 Bg4 10. Qd2 e6 11. O-O-O Nf5 12. Bf2 Bxf3 13. Bxf3 Nh4 14. Bxh4 Qxh4 15. g3 Qe7 16. Qf2 Nd7 17. h4 Nb6 18. Be2 O-O-O 1/2-1/2

[Event "Scarborough Major 47th"]
[Site "Scarborough"]
[Date "2024.10.27"]
[Round "4.1"]
[White "Keely, Leo A"]
[Black "Quaite, Toby"]
[Result "0-1"]
[WhiteElo "1922"]
[BlackElo "1760"]
[PlyCount "142"]
[EventDate "2024.10.25"]
[EventType "swiss"]
[EventRounds "5"]
[EventCountry "ENG"]
[SourceTitle "BritBase"]
[Source "John Saunders"]
[SourceDate "2024.12.27"]
[SourceVersion "1"]
[SourceVersionDate "2024.12.27"]
[SourceQuality "1"]

1. e4 Nf6 2. e5 Nd5 3. Nc3 Nxc3 4. dxc3 d6 5. Nf3 Nc6 6. Bb5 Bd7 7. Bxc6 Bxc6 8. e6 fxe6 9. O-O Qd7 10. Ng5 g6 11. Re1 e5 12. f4 Bg7 13. fxe5 Bxe5 14. Be3 h6 15. Nf3 Qg4 16. h3 Bxf3 17. hxg4 Bxd1 18. Raxd1 h5 19. Bd4 Bxd4+ 20. cxd4 Kd7 21. d5 c6 22. Re6 cxd5 23. Rde1 Rae8 24. Rxg6 hxg4 25. Rxg4 e5 26. c3 Ref8 27. Rg7+ Kc6 28. Re3 Rf6 29. Reg3 Rhf8 30. Rh3 R8f7 31. Rg8 Rf2 32. Rc8+ Kd7 33. Rhh8 Rxb2 34. Rcd8+ Kc6 35. Rh6 Rd7 36. Rc8+ Kb5 37. Rh4 Rxa2 38. Rb4+ Ka6 39. Rg8 e4 40. Rd4 Re7 41. Rxd5 e3 42. Rxd6+ b6 43. Rd1 Kb5 44. Re1 Kc4 45. Rg3 Kd3 46. Rf3 a5 47. g4 Re2 48. Rb1 Re6 49. g5 Kc2 50. Ra1 Rg6 51. Kf1 Kd3 52. Rf6 Rxf6+ 53. gxf6 Rf2+ 54. Ke1 Rxf6 55. Ra3 Rh6 56. c4+ Kxc4 57. Rxe3 Rh2 58. Kd1 a4 59. Re4+ Kb5 60. Kc1 Ka5 61. Kb1 b5 62. Re5 a3 63. Rg5 Ka4 64. Rg3 b4 65. Ka1 b3 66. Rg4+ Kb5 67. Rg5+ Kc4 68. Rg4+ Kd5 69. Rg5+ Ke4 70. Rg1 Re2 71. Rb1 Ra2# 0-1

[Event "Scarborough Major 47th"]
[Site "Scarborough"]
[Date "2024.10.27"]
[Round "4.2"]
[White "Vaidyanathan, Sathya"]
[Black "Bradey, Joseph E"]
[Result "1-0"]
[WhiteElo "1794"]
[BlackElo "1924"]
[PlyCount "59"]
[EventDate "2024.10.25"]
[EventType "swiss"]
[EventRounds "5"]
[EventCountry "ENG"]
[SourceTitle "BritBase"]
[Source "John Saunders"]
[SourceDate "2024.12.27"]
[SourceVersion "1"]
[SourceVersionDate "2024.12.27"]
[SourceQuality "1"]

1. e4 e5 2. Nf3 Nf6 3. Nxe5 d6 4. Nf3 Nxe4 5. Nc3 Nxc3 6. dxc3 Be7 7. Be3 O-O 8. Qd2 d5 9. O-O-O c6 10. h4 Bg4 11. Be2 Nd7 12. Ng5 Bxe2 13. Qxe2 Nf6 14. Bd4 Qd6 15. Be5 Qd7 16. Qd3 g6 17. h5 Ng4 18. Nxf7 Rxf7 19. hxg6 Bg5+ 20. Kb1 Nxe5 21. gxf7+ Qxf7 22. Qg3 Qf6 23. Rh5 Nf7 24. Re1 Qg6 25. Qh3 Bf6 26. Rf5 Ng5 27. Qg4 Kg7 28. Rf3 Re8 29. Qd7+ Qf7 30. Qxe8 1-0

[Event "Scarborough Major 47th"]
[Site "Scarborough"]
[Date "2024.10.27"]
[Round "4.3"]
[White "Wilson, Kevin J"]
[Black "Bak, Andrew"]
[Result "1/2-1/2"]
[WhiteElo "1894"]
[BlackElo "1948"]
[PlyCount "76"]
[EventDate "2024.10.25"]
[EventType "swiss"]
[EventRounds "5"]
[EventCountry "ENG"]
[SourceTitle "BritBase"]
[Source "John Saunders"]
[SourceDate "2024.12.27"]
[SourceVersion "1"]
[SourceVersionDate "2024.12.27"]
[SourceQuality "1"]

1. d4 d5 2. c4 c6 3. cxd5 cxd5 4. Nc3 e5 5. dxe5 d4 6. Ne4 Qa5+ 7. Nd2 Nc6 8. Ngf3 Bf5 9. Nh4 Be6 10. f4 Nb4 11. Kf2 g5 12. Nhf3 Nh6 13. h3 Nf5 14. Nb3 Qb6 15. Nxg5 d3+ 16. e3 Nc2 17. Qxd3 Nxa1 18. Qb5+ Bd7 19. Qd5 Nxb3 20. Qxf7+ Kd8 21. e6 Be8 22. Qxf5 Nxc1 23. Qf6+ Be7 24. Qxh8 Bxg5 25. fxg5 Qxe6 26. Be2 Nxe2 27. Kxe2 Qc4+ 28. Kf2 Qf7+ 29. Ke2 Qc4+ 30. Kf2 Qf7+ 31. Ke2 Ke7 32. Qe5+ Qe6 33. Qg7+ Bf7 34. Qxh7 Rc8 35. Rd1 Qc4+ 36. Qd3 Qxd3+ 37. Kxd3 Bg6+ 38. Ke2 Rc5 1/2-1/2

[Event "Scarborough Major 47th"]
[Site "Scarborough"]
[Date "2024.10.27"]
[Round "4.4"]
[White "Hall, James"]
[Black "De Sousa Muachikape, Jael J"]
[Result "1-0"]
[WhiteElo "1824"]
[BlackElo "1865"]
[PlyCount "65"]
[EventDate "2024.10.25"]
[EventType "swiss"]
[EventRounds "5"]
[EventCountry "ENG"]
[SourceTitle "BritBase"]
[Source "John Saunders"]
[SourceDate "2024.12.27"]
[SourceVersion "1"]
[SourceVersionDate "2024.12.27"]
[SourceQuality "1"]

1. e4 c5 2. c3 Nf6 3. e5 Nd5 4. f4 e6 5. Nf3 Nxf4 6. d4 Ng6 7. h4 cxd4 8. h5 Ne7 9. cxd4 h6 10. Nc3 Nbc6 11. Ne4 Nf5 12. g4 d5 13. Nc3 Ng3 14. Rh3 Nxf1 15. Kxf1 Be7 16. Bf4 b5 17. Qd2 Qb6 18. g5 hxg5 19. Bxg5 Nxd4 20. Bxe7 Nxf3 21. Rxf3 Rxh5 22. Qg2 g6 23. Bd6 b4 24. Ne2 Ba6 25. Rc1 Qb5 26. Qf2 d4 27. Ke1 Rh1+ 28. Kd2 Rh4 29. Rc5 Qxe2+ 30. Qxe2 Bxe2 31. Kxe2 Rh2+ 32. Kd3 Rxb2 33. Rc7 1-0

[Event "Scarborough Major 47th"]
[Site "Scarborough"]
[Date "2024.10.27"]
[Round "4.5"]
[White "Hymer, Barry J"]
[Black "Webb, Nicholas"]
[Result "0-1"]
[WhiteElo "1920"]
[BlackElo "1858"]
[PlyCount "28"]
[EventDate "2024.10.25"]
[EventType "swiss"]
[EventRounds "5"]
[EventCountry "ENG"]
[SourceTitle "BritBase"]
[Source "John Saunders"]
[SourceDate "2024.12.27"]
[SourceVersion "1"]
[SourceVersionDate "2024.12.27"]
[SourceQuality "1"]

1. d4 d5 2. Nc3 Nf6 3. Bf4 c5 4. e3 Bd7 5. Nf3 e6 6. Ne5 a6 7. a3 cxd4 8. exd4 Nc6 9. Qd2 Rc8 10. Be2 Be7 11. g4 Qb6 12. O-O-O Na5 13. g5 Ne4 14. Qe3 Rxc3 0-1

[Event "Scarborough Major 47th"]
[Site "Scarborough"]
[Date "2024.10.27"]
[Round "4.6"]
[White "Griffin-Young, Sebastian"]
[Black "Brown, Tom"]
[Result "0-1"]
[WhiteElo "1658"]
[BlackElo "1940"]
[PlyCount "86"]
[EventDate "2024.10.25"]
[EventType "swiss"]
[EventRounds "5"]
[EventCountry "ENG"]
[SourceTitle "BritBase"]
[Source "John Saunders"]
[SourceDate "2024.12.27"]
[SourceVersion "1"]
[SourceVersionDate "2024.12.27"]
[SourceQuality "1"]

1. c4 e5 2. Nc3 Nc6 3. g3 Nf6 4. Bg2 Bc5 5. d3 d6 6. a3 a5 7. Nf3 h6 8. O-O O-O 9. h3 Re8 10. e3 Ba7 11. d4 exd4 12. exd4 Ne7 13. b4 d5 14. c5 Ng6 15. Nd2 Bb8 16. b5 c6 17. b6 h5 18. h4 Bg4 19. Qa4 Nh7 20. f4 Re3 21. Nde4 Rd3 22. Nxd5 cxd5 23. c6 Qxb6 24. Nc5 bxc6 25. Nxd3 Be2 26. Nc5 Bxf1 27. Bxf1 Nf6 28. Bd3 Bd6 29. Rb1 Qc7 30. Rb7 Qc8 31. Rb6 Qh3 32. Bxg6 Qxg3+ 33. Kf1 fxg6 34. Rb3 Qxh4 35. Qxc6 Re8 36. Re3 Qh1+ 37. Ke2 Qh2+ 38. Kd3 Rxe3+ 39. Bxe3 Bxf4 40. Nd7 Nxd7 41. Qxd5+ Kh7 42. Bxf4 Qxf4 43. Qxd7 Qf5+ 0-1